Food and packaging interactions /

Bibliographic Details
Corporate Authors: American Chemical Society. Division of Agricultural and Food Chemistry, American Chemical Society. Meeting
Other Authors: Hotchkiss, Joseph H.
Format: Book
Language:English
Published: Washington, DC : American Chemical Society, 1988.
Series:ACS symposium series ; 365.
Subjects:

MARC

Tag First Indicator Second Indicator Subfields
LEADER 00000cam a2200000 a 4500
001 in00000015468
005 20151007053054.0
008 880127s1988 dcua b 10100 eng
010 |a  88001273  
020 |a 0841214654 
035 |a (OCoLC)17479164 
035 |9 AAB0299AM 
040 |a DLC  |c DLC  |d TXA  |d UtOrBLW 
049 |a TXAM  |c [A11083539] 
050 0 0 |a TP374  |b .F64 1988 
082 0 |a 664/.092  |2 19 
245 0 0 |a Food and packaging interactions /  |c Joseph H. Hotchkiss, editor. 
264 1 |a Washington, DC :  |b American Chemical Society,  |c 1988. 
300 |a xi, 305 pages :  |b illustrations ;  |c 24 cm. 
336 |a text  |b txt  |2 rdacontent 
337 |a unmediated  |b n  |2 rdamedia 
338 |a volume  |b nc  |2 rdacarrier 
490 1 |a ACS symposium series,  |v 365 
500 |a "Developed from a symposium sponsored by the Division of Agricultural and Food Chemistry at the 193rd Meeting of the American Chemical Society, Denver, Colorado, April 5-10, 1987." 
504 |a Includes bibliographies and indexes. 
650 0 |a Food  |x Packaging  |x Congresses. 
650 0 |a Food  |x Analysis  |v Congresses. 
700 1 |a Hotchkiss, Joseph H. 
710 2 |a American Chemical Society.  |b Division of Agricultural and Food Chemistry. 
710 2 |a American Chemical Society.  |b Meeting  |n (193rd :  |d 1987 :  |c Denver, Colo.) 
830 0 |a ACS symposium series ;  |v 365. 
999 |a MARS 
999 f f |s 18e5c5cd-fbd4-35e9-bdec-b8ee6e4016e5  |i 61040b1b-4a95-3760-b208-16495d1aaceb  |t 0 
952 f f |p ric  |a Texas A&M University  |b Rellis Campus  |c Joint Library Facility  |d Remote Storage  |t 0  |e TP374 .F64 1988  |h Library of Congress classification  |i unmediated -- volume  |m A14811083539 
998 f f |a TP374 .F64 1988  |t 0  |l Remote Storage